Keyakinan diri

Bibliographic Details
Main Author: Ahmad Radzi Adil
Format: Book
Published: Kuala Lumpur : Berlian Publication , 2003
Series:Siri motivasi berlian
Subjects:

MARC

LEADER 00000cam a2200000 7i4500
001 0000013934
005 20080213.0
008 080213
020 |a 9832179254 
090 0 0 |a 158.1   |b AHM 
100 0 |a Ahmad Radzi Adil 
245 1 0 |a Keyakinan diri   |c Ahmad Radzi Adil 
260 |a Kuala Lumpur :   |b Berlian Publication ,   |c 2003 
440 |a Siri motivasi berlian 
650 0 |a Self-confidence 
650 0 |a Success 
999 |a 0001005107   |b Book   |c Adult Collection   |e Perbadanan Perpustakaan Awam Johor 
999 |a 0001005108   |b Book   |c Adult Collection   |e Perbadanan Perpustakaan Awam Johor